| 000 | 00624nam a2200217 a 4500 | ||
|---|---|---|---|
| 003 | AR-BaBNM | ||
| 005 | 20251128204656.0 | ||
| 008 | 082120s2002 ||||||||||||||000 | spa|| | ||
| 040 | _cAR-BaBNM | ||
| 100 | 1 | _aNavas, Salvador Diego | |
| 245 | 0 | 0 | _aCuriosidades etimológicas |
| 250 | _a2ª ed. | ||
| 260 |
_aBuenos Aires _bAyacucho _c1987 |
||
| 300 |
_a208 p. _bil. |
||
| 500 | _aEl autor no se propone la presentación de una obra filológica, este diccionario ha sido concebido con un tono humorístico | ||
| 650 | 4 | _aDICCIONARIOS | |
| 650 | 4 | _aETIMOLOGIA | |
| 655 | _aREFERENCIA | ||
| 942 | _cBK | ||
| 998 | _claura | ||
| 999 |
_c8355 _d8355 |
||